000 00335nam a22001217a 4500
008 180515b xxu||||| |||| 00| 0 eng d
041 _aeng
080 _a043.3
100 _a0
101 _aMBE-MA
245 _aMenaxhimi i Politikave Publike Fiskale dhe roli i tyre ne Zhvillimin e Bizneseve te Kosoves
_cMustafa, B
942 _2udc
_cBK
999 _c45799
_d45799